<?xml version="1.0" encoding="UTF-8"?>
<record
    xmlns:xsi="http://www.w3.org/2001/XMLSchema-instance"
    xsi:schemaLocation="http://www.loc.gov/MARC21/slim http://www.loc.gov/standards/marcxml/schema/MARC21slim.xsd"
    xmlns="http://www.loc.gov/MARC21/slim">

  <leader>00852nam a2200181 i 4500</leader>
  <controlfield tag="001">187689</controlfield>
  <controlfield tag="003">ES-MaACL</controlfield>
  <controlfield tag="005">20240828063033.0</controlfield>
  <controlfield tag="008">180117m19451956sp           |||| | spa d</controlfield>
  <datafield tag="100" ind1="1" ind2=" ">
    <subfield code="a">Casta&#xF1;eda y Alcover, Vicente,</subfield>
    <subfield code="d">1884-1958</subfield>
    <subfield code="9">36414</subfield>
  </datafield>
  <datafield tag="245" ind1="1" ind2="0">
    <subfield code="a">&#xCD;ndices del Bolet&#xED;n de la Real Academia de la Historia / </subfield>
    <subfield code="c">por Vicente Casta&#xF1;eda Alcover.</subfield>
  </datafield>
  <datafield tag="260" ind1=" " ind2=" ">
    <subfield code="a">Madrid : </subfield>
    <subfield code="b">[s.n.], </subfield>
    <subfield code="c">1945-1956 (</subfield>
    <subfield code="f">Viuda de Estanislao Maestre)</subfield>
  </datafield>
  <datafield tag="300" ind1=" " ind2=" ">
    <subfield code="a">2 v. ; </subfield>
    <subfield code="c">25 cm.</subfield>
  </datafield>
  <datafield tag="505" ind1="8" ind2=" ">
    <subfield code="a">Contiene: Tomos I al CXV (1877-1944): &#xED;ndice cronol&#xF3;gico  --  Suplemento primero, tomos CXVI-CXXXVII (1945-1955) : &#xED;ndices cronol&#xF3;gico, de autores y nombres propios, de materias y geogr&#xE1;fico, de l&#xE1;minas</subfield>
  </datafield>
  <datafield tag="630" ind1=" " ind2="0">
    <subfield code="a">Bolet&#xED;n de la Real Academia de la Historia-</subfield>
    <subfield code="v">&#xCD;ndices.</subfield>
    <subfield code="9">164092</subfield>
  </datafield>
  <datafield tag="852" ind1=" " ind2=" ">
    <subfield code="a">ES-MaACL</subfield>
    <subfield code="j">L-31855-56</subfield>
  </datafield>
  <datafield tag="999" ind1=" " ind2=" ">
    <subfield code="c">187689</subfield>
    <subfield code="d">187689</subfield>
  </datafield>
  <datafield tag="952" ind1=" " ind2=" ">
    <subfield code="0">0</subfield>
    <subfield code="1">0</subfield>
    <subfield code="4">0</subfield>
    <subfield code="7">0</subfield>
    <subfield code="a">ATENEOM</subfield>
    <subfield code="b">ATENEOM</subfield>
    <subfield code="c">DEPO</subfield>
    <subfield code="d">2018-01-17</subfield>
    <subfield code="e">SC</subfield>
    <subfield code="l">0</subfield>
    <subfield code="o">L31855-56</subfield>
    <subfield code="p">1198269</subfield>
    <subfield code="r">2023-02-23 00:00:00</subfield>
    <subfield code="w">2023-02-23</subfield>
    <subfield code="y">MONOGRAFIA</subfield>
  </datafield>
</record>
